000 00380nam a22001697a 4500
003 MPLRDC
005 20220104144257.0
008 210129b ||||| |||| 00| 0 eng d
082 _a947.413 FSQH v.1
100 _a不详
245 _a浮世情怀. 1
_c
250 _a初版
260 _a
_b金钻
_c1991
300 _b
650 _a漫画
942 _cBK
_o947.413 FSQH v.1
999 _c48052
_d48042